| 000 | 00633nam a2200193 i 4500 | ||
|---|---|---|---|
| 001 | 21706 | ||
| 003 | ES-MaACL | ||
| 005 | 20230906152529.0 | ||
| 007 | t| | ||
| 008 | 021127s1948 sp ||||1| spa d | ||
| 100 | 1 |
_aAlburquerque, Fernando. _919431 |
|
| 245 | 1 | 3 |
_aEl huerto de frutales _b: cómo surge el oro en tierra baldía / _cFernando Alburquerque. |
| 260 |
_aMadrid : _bHernando, _c1948 ( _fVda. Galo Sèz) |
||
| 300 |
_a248 p. : _bil. ; _c18 cm. |
||
| 490 | 1 | _aColección de manuales utilísimos | |
| 830 | 0 |
_aColección de manuales utilísimos _9180774 |
|
| 852 |
_aES-MaACL _jC-5176 _bR.26080 |
||
| 999 |
_c21706 _d21706 |
||